[Event "7. Lichtenberger Sommer"]
[Site "Berlin"]
[Date "2008.08.22"]
[Round "7.1"]
[White "Krämer, Martin"]
[Black "Kalinitschew, Sergey"]
[Result "1/2-1/2"]
[WhiteElo "2456"]
[BlackElo "2456"]
[PlyCount "51"]
[EventDate "2008.??.??"]
[WhiteTeam "Sfrd. Berlin 1903 e.V."]
[BlackTeam "SC Kreuzberg e.V."]

1. d4 d5 2. c4 c6 3. Nc3 Nf6 4. e3 a6 5. Qc2 e6 6. Nf3 c5 7. cxd5 exd5 8. Be2
cxd4 9. Nxd4 Nc6 10. Nxc6 bxc6 11. O-O Bd6 12. b3 Qc7 13. h3 O-O 14. Bb2 Re8
15. Bd3 c5 16. Ne2 Ne4 17. Nc3 Nf6 18. Rac1 Bd7 19. Na4 Bxa4 20. Bxf6 Bb5 21.
Bb2 Bxd3 22. Qxd3 Qb7 23. Rfd1 Red8 24. Qe2 Bf8 25. Ba3 Rac8 26. Qf3 1/2-1/2

[Event "7. Lichtenberger Sommer"]
[Site "Berlin"]
[Date "2008.08.22"]
[Round "7.2"]
[White "Rabiega, Robert"]
[Black "Von Herman, Ulf"]
[Result "1/2-1/2"]
[WhiteElo "2552"]
[BlackElo "2374"]
[PlyCount "32"]
[EventDate "2008.??.??"]
[WhiteTeam "SK König Tegel 1949 e.V."]
[BlackTeam "SK König Tegel 1949 e.V."]

1. e4 c6 2. Nf3 d5 3. exd5 cxd5 4. Ne5 Nf6 5. d4 Nc6 6. Bb5 Bd7 7. Nxd7 Qxd7 8.
c3 a6 9. Bd3 g6 10. O-O Bg7 11. Nd2 O-O 12. Re1 Qc7 13. Nf3 Rfe8 14. h3 Nd7 15.
Qb3 e5 16. dxe5 Ndxe5 1/2-1/2

[Event "7. Lichtenberger Sommer"]
[Site "Berlin"]
[Date "2008.08.22"]
[Round "7.3"]
[White "Struk, Jerzy"]
[Black "Meister, Jakob"]
[Result "0-1"]
[WhiteElo "2164"]
[BlackElo "2487"]
[PlyCount "52"]
[EventDate "2008.??.??"]
[BlackTeam "SK Zehlendorf e.V."]

1. e4 c5 2. Nf3 b6 3. d4 cxd4 4. Nxd4 Bb7 5. Nc3 g6 6. Be3 Bg7 7. Be2 Na6 8.
O-O Nc5 9. f3 a6 10. b4 Ne6 11. Nd5 Bxd5 12. exd5 Nxd4 13. Bxd4 Bxd4+ 14. Qxd4
Nf6 15. a4 a5 16. f4 O-O 17. b5 Rc8 18. c4 Qc7 19. Kh1 Qc5 20. Qe5 Ne8 21. f5
Qd6 22. Qe3 Kg7 23. Rf3 Nf6 24. Rh3 Ng8 25. Rf1 f6 26. fxg6 hxg6 0-1

[Event "7. Lichtenberger Sommer"]
[Site "Berlin"]
[Date "2008.08.22"]
[Round "7.4"]
[White "Richter, Michael"]
[Black "Wendt, Jan-Dietrich"]
[Result "1-0"]
[WhiteElo "2422"]
[BlackElo "2372"]
[PlyCount "69"]
[EventDate "2008.??.??"]
[WhiteTeam "SC Kreuzberg e.V."]
[BlackTeam "Sfrd. Berlin 1903 e.V."]

1. d4 Nf6 2. c4 c5 3. d5 e6 4. Nc3 exd5 5. cxd5 d6 6. e4 g6 7. Nf3 Bg7 8. Be2
O-O 9. O-O Bg4 10. Bf4 a6 11. a4 Re8 12. Nd2 Bxe2 13. Qxe2 Nh5 14. Be3 Nd7 15.
g4 Bxc3 16. bxc3 Nhf6 17. f3 Qe7 18. c4 Rab8 19. Ra3 b6 20. Rb3 h5 21. g5 Nh7
22. Qg2 Rf8 23. Kh1 Rb7 24. Rfb1 Rfb8 25. f4 Nhf8 26. Bf2 Qd8 27. Bg3 Qc7 28.
e5 Re8 29. Ne4 dxe5 30. fxe5 Rxe5 31. d6 Qc8 32. Bxe5 Nxe5 33. Nf6+ Kg7 34. Qb2
Qc6+ 35. Kg1 1-0

[Event "7. Lichtenberger Sommer"]
[Site "Berlin"]
[Date "2008.08.22"]
[Round "7.5"]
[White "Thinius, Marco"]
[Black "Muse, Drazen"]
[Result "1/2-1/2"]
[WhiteElo "2387"]
[BlackElo "2369"]
[PlyCount "85"]
[EventDate "2008.??.??"]
[WhiteTeam "Sfrd. Berlin 1903 e.V."]
[BlackTeam "SK König Tegel 1949 e.V."]

1. e4 d5 2. exd5 Nf6 3. d4 Bg4 4. Nf3 Qxd5 5. Be2 e6 6. h3 Bh5 7. O-O Nc6 8. c4
Qd6 9. Nc3 O-O-O 10. Nb5 Qd7 11. Bf4 a6 12. Nxc7 Bxf3 13. Bxf3 Qxd4 14. Qc1 Bd6
15. Bxd6 Qxd6 16. Nb5 Qc5 17. Bxc6 bxc6 18. Nc3 Rd3 19. Na4 Qa5 20. Rd1 Rhd8
21. Rxd3 Rxd3 22. b3 Qe5 23. Qb2 Qf4 24. Rf1 Rd2 25. Qa3 Ne4 26. Qf8+ Kc7 27.
Qe7+ Kb8 28. Qf8+ Kc7 29. Qe7+ Kb8 30. Nc5 Nxc5 31. Qxc5 Kb7 32. a4 Qd6 33. Qa5
c5 34. Qc3 f6 35. Qf3+ Qc6 36. Qg4 Rd7 37. Re1 f5 38. Qe2 Re7 39. f4 h6 40. Qe3
Qd6 41. Qf3+ Qc6 42. Qc3 Qd6 43. Qf3+ 1/2-1/2

[Event "7. Lichtenberger Sommer"]
[Site "Berlin"]
[Date "2008.08.22"]
[Round "7.6"]
[White "Novkovic, Julia"]
[Black "Figura, Atila Gajo"]
[Result "1/2-1/2"]
[WhiteElo "2128"]
[BlackElo "2407"]
[PlyCount "120"]
[EventDate "2008.??.??"]
[WhiteTeam "Dornbirn"]
[BlackTeam "SC Kreuzberg e.V."]

1. e4 c6 2. d4 d5 3. Nc3 dxe4 4. Nxe4 Bf5 5. Ng3 Bg6 6. Nf3 Nd7 7. Bd3 e6 8.
O-O Ngf6 9. Re1 Be7 10. Bg5 O-O 11. Ne5 Re8 12. Bxg6 hxg6 13. Qf3 Qb6 14. Nxd7
Nxd7 15. Bxe7 Rxe7 16. Qa3 Ree8 17. Ne4 Rad8 18. Rad1 Nf6 19. Nd6 Rf8 20. Nc4
Qc7 21. Ne5 Rd5 22. c4 Rdd8 23. Qe3 Qa5 24. Qc3 Qc7 25. Qe3 Rd6 26. Rd3 Rfd8
27. Red1 b6 28. b3 Nd7 29. f4 Nf6 30. Re1 Kf8 31. Red1 Ng8 32. Ng4 Ne7 33. Ne5
f6 34. Nf3 Nf5 35. Qf2 c5 36. g4 Nh6 37. h3 Ng8 38. Qe3 Ne7 39. dxc5 Rxd3 40.
Rxd3 Rxd3 41. Qxd3 Qxf4 42. Nd4 Qe5 43. cxb6 axb6 44. Nb5 Qa1+ 45. Kg2 Qxa2+
46. Kg1 Qa1+ 47. Kf2 Qa8 48. Qd6 e5 49. Nc7 Qc6 50. Ne6+ Ke8 51. Qb8+ Nc8 52.
Nc7+ Kd7 53. Nd5 b5 54. Qxb5 Qxb5 55. cxb5 Kd6 56. b6 Kc6 57. h4 Nd6 58. Ne7+
Kxb6 59. Nxg6 Kc5 60. g5 fxg5 1/2-1/2

[Event "7. Lichtenberger Sommer"]
[Site "Berlin"]
[Date "2008.08.22"]
[Round "7.7"]
[White "Kiesekamp, Marcos"]
[Black "Zschäbitz, Klaus"]
[Result "1/2-1/2"]
[WhiteElo "2316"]
[BlackElo "2103"]
[PlyCount "90"]
[EventDate "2008.??.??"]
[WhiteTeam "TuS Makkabi Berlin e.V."]
[BlackTeam "BSG 1827 Eckbauer e.V."]

1. c4 e6 2. Nc3 d5 3. d4 Nf6 4. cxd5 exd5 5. Bg5 Be7 6. e3 Nbd7 7. Bd3 c5 8.
Nf3 b6 9. Ne5 Nxe5 10. dxe5 Nd7 11. Bf4 Bb7 12. Qg4 g5 13. e6 fxe6 14. Bg3 c4
15. Bc2 Nc5 16. Qh5+ Kd7 17. Be5 Bf6 18. Qf7+ Be7 19. Bxh8 Qxh8 20. Qxh7 Qf6
21. Qh5 Rf8 22. O-O Rh8 23. Qf3 Qxf3 24. gxf3 Bd6 25. Nb5 Bxh2+ 26. Kg2 Be5 27.
Rh1 Bxb2 28. Rxh8 Bxh8 29. Rh1 Bf6 30. Rh7+ Be7 31. Nxa7 g4 32. Nb5 gxf3+ 33.
Kg3 Ba6 34. Nd4 b5 35. Kxf3 Nd3 36. Rh6 Ne1+ 37. Ke2 Nxc2 38. Nxc2 b4 39. Nd4
b3 40. axb3 cxb3+ 41. Kd2 Bb4+ 42. Kc1 Ba3+ 43. Kd2 Bb4+ 44. Kc1 Ba3+ 45. Kd2
Bb4+ 1/2-1/2

[Event "7. Lichtenberger Sommer"]
[Site "Berlin"]
[Date "2008.08.22"]
[Round "7.8"]
[White "Plump, Detlef"]
[Black "Newrkla, Katharina"]
[Result "1-0"]
[WhiteElo "2263"]
[BlackElo "2049"]
[PlyCount "91"]
[EventDate "2008.??.??"]
[WhiteTeam "Chessclub York"]
[BlackTeam "Austria  Wien"]

1. e4 c5 2. Nf3 d6 3. d4 cxd4 4. Nxd4 Nf6 5. Nc3 a6 6. Be3 Ng4 7. Bg5 h6 8. Bh4
g5 9. Bg3 Bg7 10. Be2 h5 11. h4 Nc6 12. Nb3 gxh4 13. Bxh4 Nce5 14. Qd2 Ng6 15.
Bg5 b5 16. f3 N4e5 17. O-O-O Bb7 18. Nd4 b4 19. Nd5 Bxd5 20. exd5 Qa5 21. Nf5
Qxa2 22. Nxg7+ Kf8 23. Qd4 Kxg7 24. f4 f6 25. fxe5 dxe5 26. Qe4 fxg5 27. Bxh5
Rxh5 28. Rxh5 Qa1+ 29. Kd2 Qxb2 30. Rxg5 Qd4+ 31. Qxd4 exd4 32. Rg4 Rd8 33.
Rxd4 e5 34. Rxb4 Rxd5+ 35. Kc1 Rc5 36. Rb6 Rc7 37. Rxa6 Nf4 38. g3 Ne2+ 39. Kd2
Nd4 40. c3 Nb3+ 41. Kc2 Nc5 42. Rad6 e4 43. R1d5 Kf7 44. c4 Ke7 45. Rh6 Rc8 46.
Kc3 1-0

[Event "7. Lichtenberger Sommer"]
[Site "Berlin"]
[Date "2008.08.22"]
[Round "7.9"]
[White "Oswald, Michael"]
[Black "Brüdigam, Martin"]
[Result "1-0"]
[WhiteElo "2123"]
[BlackElo "2218"]
[PlyCount "61"]
[EventDate "2008.??.??"]
[WhiteTeam "1. Schachclub Anhalt"]
[BlackTeam "USV Potsdam e.V., Abt. Schach"]

1. d4 Nf6 2. c4 g6 3. Nc3 Bg7 4. e4 d6 5. f4 O-O 6. Nf3 c5 7. d5 e6 8. Be2 exd5
9. exd5 Na6 10. O-O Ne8 11. Ng5 Nac7 12. Qe1 f6 13. Nge4 f5 14. Ng5 Nf6 15. Be3
Re8 16. Bf2 Ng4 17. Bh4 Bf6 18. Rc1 Bd7 19. Qg3 h6 20. Nf3 Kh7 21. Rfe1 g5 22.
fxg5 hxg5 23. Bd3 Kh6 24. Bxg5+ Bxg5 25. Nxg5 Kxg5 26. h3 Qf6 27. hxg4 Qd4+ 28.
Kf1 f4 29. Qh3 Bxg4 30. Qh7 Rh8 31. Ne4+ 1-0

[Event "7. Lichtenberger Sommer"]
[Site "Berlin"]
[Date "2008.08.22"]
[Round "7.10"]
[White "Wasem, Ralph"]
[Black "Niehaus, Frank"]
[Result "1/2-1/2"]
[WhiteElo "2100"]
[BlackElo "2185"]
[PlyCount "68"]
[EventDate "2008.??.??"]
[WhiteTeam "SK Landau"]
[BlackTeam "Sfrd. Berlin 1903 e.V."]

1. e4 c5 2. Nf3 d6 3. d4 cxd4 4. Nxd4 Nf6 5. Nc3 g6 6. f4 Nc6 7. Nxc6 bxc6 8.
e5 Nd7 9. exd6 exd6 10. Be3 Be7 11. Qd2 O-O 12. O-O-O d5 13. Be2 Qa5 14. h4 Nf6
15. h5 Bb4 16. Bf3 Bxc3 17. Qxc3 Qxc3 18. bxc3 Bg4 19. Bxg4 Nxg4 20. Bd4 Rfe8
21. Rh4 Ne3 22. hxg6 fxg6 23. Rdh1 h5 24. Bxe3 Rxe3 25. g4 Rae8 26. gxh5 gxh5
27. Rxh5 Re1+ 28. Rxe1 Rxe1+ 29. Kb2 Re4 30. Rh6 Rc4 31. f5 a5 32. a4 Kg7 33.
Rd6 Kf7 34. Re6 Rc5 1/2-1/2

[Event "7. Lichtenberger Sommer"]
[Site "Berlin"]
[Date "2008.08.22"]
[Round "7.11"]
[White "Werner, Michael"]
[Black "Meißner, Hans-Jürgen"]
[Result "1/2-1/2"]
[WhiteElo "2106"]
[BlackElo "2212"]
[PlyCount "35"]
[EventDate "2008.??.??"]
[WhiteTeam "Schachgesellschaft Benrath 1924"]
[BlackTeam "SV Empor Berlin e.V."]

1. d4 Nf6 2. c4 g6 3. Nc3 Bg7 4. e4 d6 5. f3 O-O 6. Be3 Nc6 7. Nge2 a6 8. Qd2
Re8 9. Nc1 e5 10. Nb3 exd4 11. Nxd4 Nxd4 12. Bxd4 c6 13. Be2 Be6 14. O-O b5 15.
b3 bxc4 16. Bxc4 Bxc4 17. bxc4 Qa5 18. Rac1 1/2-1/2

[Event "7. Lichtenberger Sommer"]
[Site "Berlin"]
[Date "2008.08.22"]
[Round "7.12"]
[White "Buttkus, Andre"]
[Black "Bruchmann, Stephan"]
[Result "1/2-1/2"]
[WhiteElo "2050"]
[BlackElo "2292"]
[PlyCount "68"]
[EventDate "2008.??.??"]
[WhiteTeam "SK Tempelhof 1931 e.V."]
[BlackTeam "Sfrd. Berlin 1903 e.V."]

1. d4 d5 2. c4 e6 3. Nc3 c6 4. cxd5 exd5 5. Nf3 Bd6 6. Bg5 Ne7 7. e3 Qb6 8.
Bxe7 Bxe7 9. Rb1 Bg4 10. Be2 Nd7 11. Qc2 Nf6 12. Ne5 Be6 13. O-O O-O 14. Bd3 g6
15. Na4 Qc7 16. b4 a6 17. Nc5 Bc8 18. h3 Bd6 19. Nf3 Re8 20. Rfc1 Qe7 21. a3
Ne4 22. Bxe4 dxe4 23. Nd2 Bf5 24. Nc4 Bb8 25. Ne5 f6 26. Ng4 Kg7 27. Nh2 Bd6
28. Nf1 h5 29. Ng3 h4 30. Nxf5+ gxf5 31. Rf1 Rg8 32. f3 Rae8 33. fxe4 fxe4 34.
Qd2 Bg3 1/2-1/2

[Event "7. Lichtenberger Sommer"]
[Site "Berlin"]
[Date "2008.08.22"]
[Round "7.13"]
[White "Petersen, Soren Boeck"]
[Black "Fischer, Daniel"]
[Result "1-0"]
[WhiteElo "2242"]
[BlackElo "2094"]
[PlyCount "105"]
[EventDate "2008.??.??"]
[WhiteTeam "Vanlose Skakklub"]
[BlackTeam "SK Oberkirch"]

1. e4 e5 2. Nf3 d6 3. d4 exd4 4. Nxd4 Nf6 5. Nc3 Be7 6. g3 Nc6 7. Bg2 O-O 8.
O-O Bg4 9. Nde2 Qd7 10. Be3 Rfe8 11. b3 Bf8 12. Qd2 Bh3 13. Bxh3 Qxh3 14. Nf4
Qd7 15. f3 Ne5 16. Rad1 c6 17. Kg2 b5 18. Nd3 Qc7 19. Bg5 Nfd7 20. Nxe5 Nxe5
21. Ne2 h6 22. Bf4 Rad8 23. Qc3 g6 24. Nd4 Rc8 25. Qd2 Kh7 26. h4 h5 27. Ne2
Rcd8 28. Bg5 Be7 29. Bxe7 Qxe7 30. Nf4 Rd7 31. Rf2 Red8 32. Qc3 Kg8 33. Rfd2
Qf6 34. Qe3 Kg7 35. Nh3 Qe7 36. Nf4 Qf6 37. Nh3 Qe7 38. Nf2 Qe6 39. f4 Ng4 40.
Nxg4 hxg4 41. Qc3+ Kh7 42. Qxc6 Re7 43. Rxd6 Rxd6 44. Rxd6 Qxe4+ 45. Qxe4 Rxe4
46. Kf2 Kg7 47. Rd5 b4 48. f5 Re7 49. fxg6 Rc7 50. gxf7 Rxc2+ 51. Ke3 Kxf7 52.
Rd7+ Kf6 53. Rxa7 1-0

[Event "7. Lichtenberger Sommer"]
[Site "Berlin"]
[Date "2008.08.22"]
[Round "7.14"]
[White "Carrasco, Paul"]
[Black "Reichenbach, Werner"]
[Result "1/2-1/2"]
[WhiteElo "2041"]
[BlackElo "2305"]
[PlyCount "123"]
[EventDate "2008.??.??"]
[BlackTeam "Schachclub Schwante"]

1. Nf3 g6 2. c4 Bg7 3. d4 Nf6 4. Nc3 d6 5. e4 O-O 6. Be2 Nbd7 7. O-O c6 8. Ne1
e5 9. Be3 exd4 10. Bxd4 Qe7 11. f3 Nc5 12. Nd3 Ne6 13. Bf2 Nd7 14. Re1 Ne5 15.
Qa4 Bd7 16. Rac1 h5 17. Nb1 c5 18. Qc2 Bh6 19. Rcd1 Nc6 20. Nc3 Ned4 21. Qb1
Qd8 22. Bf1 Re8 23. Nd5 Bg7 24. N3f4 Ne6 25. Ne2 Ncd4 26. Nxd4 Nxd4 27. Kh1 Bc6
28. Nc3 Qc7 29. Ne2 Ne6 30. Qc2 Be5 31. Nc3 Rad8 32. Nd5 Bxd5 33. cxd5 Ng5 34.
Be3 Nh7 35. Bd3 Bg7 36. a4 Re7 37. Rc1 b6 38. Bb5 Bf6 39. Qd2 Nf8 40. Bf4 Nd7
41. Bxd7 Qxd7 42. Qc2 Rde8 43. b3 Bd4 44. Bg5 f6 45. Bd2 Kf7 46. Qd3 f5 47. g3
fxe4 48. fxe4 Kg7 49. Kg2 h4 50. gxh4 Qg4+ 51. Qg3 Rxe4 52. Qxg4 Rxg4+ 53. Kf3
Rxe1 54. Rxe1 Rxh4 55. Bf4 Rh3+ 56. Kg4 Rxb3 57. Re7+ Kg8 58. Bxd6 Bf6 59. Rxa7
Rb4+ 60. Kf3 Rd4 61. Bc7 Rxd5 62. Bxb6 1/2-1/2

[Event "7. Lichtenberger Sommer"]
[Site "Berlin"]
[Date "2008.08.22"]
[Round "7.15"]
[White "Maahs, Erich"]
[Black "Rietze, Clemens"]
[Result "0-1"]
[WhiteElo "2157"]
[BlackElo "2128"]
[PlyCount "80"]
[EventDate "2008.??.??"]
[WhiteTeam "SC Concordia SAbt Palame"]
[BlackTeam "ESV Lok Falkenberg e.V."]

1. e4 e5 2. f4 exf4 3. Bc4 Nf6 4. Nc3 c6 5. Bb3 d5 6. e5 Ne4 7. Nf3 g5 8. d3
Nxc3 9. bxc3 Bg7 10. Qe2 O-O 11. d4 f6 12. exf6 Re8 13. Ne5 Bxf6 14. O-O Nd7
15. Bxf4 gxf4 16. Qg4+ Bg7 17. Nd3 Ne5 18. Qxf4 Nxd3 19. cxd3 Be6 20. Qg3 Qd7
21. h3 Rf8 22. Rae1 Rxf1+ 23. Rxf1 Kh8 24. Bd1 Rg8 25. Qh4 Qd8 26. Qh5 Qe8 27.
Qf3 Qg6 28. Be2 Qg5 29. Rb1 Rf8 30. Qh5 Qxh5 31. Bxh5 b6 32. a4 Bf5 33. Rd1 c5
34. dxc5 bxc5 35. c4 Bd4+ 36. Kh2 dxc4 37. dxc4 Bc2 38. Rd2 Rf2 39. Rxf2 Bxf2
40. Be8 Kg7 0-1

[Event "7. Lichtenberger Sommer"]
[Site "Berlin"]
[Date "2008.08.22"]
[Round "7.16"]
[White "Schatz, Dieter"]
[Black "Exler, Veronika"]
[Result "1-0"]
[WhiteElo "2216"]
[BlackElo "2011"]
[PlyCount "129"]
[EventDate "2008.??.??"]
[WhiteTeam "SK Landau"]
[BlackTeam "SC Donaustadt Wien"]

1. e4 c6 2. Nc3 d5 3. Qf3 dxe4 4. Nxe4 Nd7 5. b3 Ngf6 6. Bb2 Nxe4 7. Qxe4 Nf6
8. Bxf6 gxf6 9. f4 Qa5 10. Bd3 f5 11. Qe5 Qxe5+ 12. fxe5 Bg7 13. Nf3 f6 14.
exf6 Bxf6 15. O-O-O Bd7 16. Rhe1 O-O-O 17. Ne5 Bxe5 18. Rxe5 e6 19. Bc4 Rde8
20. Rde1 Rhg8 21. g3 Rg6 22. d4 b5 23. Bd3 Rf6 24. Rf1 h5 25. Rf4 Rg8 26. Be2
Be8 27. Kd2 Kd7 28. Ke3 Kd6 29. a4 bxa4 30. bxa4 Rg7 31. Ra5 Rh6 32. Rh4 Rhh7
33. c4 Rb7 34. Bf3 Kc7 35. Ra6 Rb3+ 36. Kf4 Kb7 37. Ra5 Rd3 38. Re5 Rxd4+ 39.
Kg5 Rxh4 40. gxh4 Bf7 41. Kf6 Kb6 42. a5+ Kc7 43. c5 Bg8 44. Re3 Rd7 45. a6 f4
46. Rb3 e5 47. Rb7+ Kc8 48. Bxc6 Rc7 49. Be4 Rxb7 50. Bxb7+ Kc7 51. Kxe5 Bc4
52. Kxf4 Bb5 53. Ke5 Bc6 54. Bxc6 Kxc6 55. Kd4 Kc7 56. Kd5 Kd7 57. c6+ Kc7 58.
Kc5 Kc8 59. Kd6 Kd8 60. Ke6 Kc7 61. Kf5 Kb6 62. c7 Kxc7 63. Kg5 Kb6 64. Kxh5
Kxa6 65. Kg6 1-0

[Event "7. Lichtenberger Sommer"]
[Site "Berlin"]
[Date "2008.08.22"]
[Round "7.17"]
[White "Hahlbohm, Matthias"]
[Black "Kollberg, Lothar"]
[Result "1/2-1/2"]
[WhiteElo "2085"]
[BlackElo "2253"]
[PlyCount "94"]
[EventDate "2008.??.??"]
[WhiteTeam "TSG Oberschöneweide e.V."]
[BlackTeam "SC Rotation Pankow e.V."]

1. e4 g6 2. d4 Bg7 3. Bc4 d6 4. Ne2 Nf6 5. f3 d5 6. Bd3 dxe4 7. fxe4 e5 8. d5
c6 9. c4 cxd5 10. cxd5 O-O 11. O-O Nbd7 12. Nbc3 Nc5 13. Bc2 a5 14. b3 Bd7 15.
h3 b5 16. Ng3 Rc8 17. Nce2 Ne8 18. Be3 Nd6 19. Rc1 Qh4 20. Qe1 Bh6 21. Bxh6
Qxh6 22. Qf2 Qg5 23. Kh2 h5 24. Bb1 Ncb7 25. Rfd1 Rxc1 26. Nxc1 Rc8 27. Qe1 b4
28. Nd3 h4 29. Nf1 Nc5 30. Nd2 Qg3+ 31. Kg1 Qxe1+ 32. Rxe1 Nxd3 33. Bxd3 Rc3
34. Bb1 f6 35. Kf2 Bb5 36. Re3 Rc1 37. Re1 Rc7 38. Nf3 g5 39. Ke3 a4 40. Kd2
axb3 41. axb3 Rc3 42. Bc2 Nb7 43. Re3 Rxe3 44. Kxe3 Nc5 45. Nd2 Kf7 46. Nc4 Ke7
47. Kd2 Kd7 1/2-1/2

[Event "7. Lichtenberger Sommer"]
[Site "Berlin"]
[Date "2008.08.22"]
[Round "7.18"]
[White "Schulz, Hartmut"]
[Black "Püschel, Werner"]
[Result "1/2-1/2"]
[WhiteElo "2149"]
[BlackElo "2189"]
[PlyCount "24"]
[EventDate "2008.??.??"]
[WhiteTeam "SC Rotation Pankow e.V."]
[BlackTeam "SG Lasker Steglitz-Wilmersdorf"]

1. d4 Nf6 2. c4 e6 3. Nf3 b6 4. Bf4 Bb7 5. e3 Bb4+ 6. Nfd2 O-O 7. a3 Be7 8. Nc3
d5 9. cxd5 exd5 10. Rc1 c6 11. Be2 Nbd7 12. O-O Re8 1/2-1/2

[Event "7. Lichtenberger Sommer"]
[Site "Berlin"]
[Date "2008.08.22"]
[Round "7.19"]
[White "Amelang, Thomas"]
[Black "von Löhneysen, Leonard"]
[Result "1-0"]
[WhiteElo "2176"]
[BlackElo "1995"]
[PlyCount "81"]
[EventDate "2008.??.??"]
[WhiteTeam "SK Siemens München"]
[BlackTeam "SK Zehlendorf e.V."]

1. e4 c5 2. Nc3 Nc6 3. g3 g6 4. Bg2 Bg7 5. d3 d6 6. Be3 Rb8 7. Qd2 b5 8. f4 b4
9. Nd1 Qb6 10. h3 e6 11. Nf3 Nge7 12. O-O O-O 13. Qf2 Nd4 14. Nd2 d5 15. c3 Ba6
16. f5 gxf5 17. exf5 Ndxf5 18. Bxc5 Qc7 19. g4 Nd6 20. cxb4 Bxd3 21. Qg3 Bxf1
22. Bxd6 Qb6+ 23. Kxf1 Rb7 24. Bc5 Qb5+ 25. Ke1 a5 26. Bf1 Qc6 27. Bd3 Bf6 28.
Rc1 Ng6 29. b5 Rxb5 30. Bxb5 Qxb5 31. Qb3 Bh4+ 32. Nf2 Rb8 33. Qxb5 Rxb5 34.
Nf3 Bf6 35. b3 e5 36. Be3 Kg7 37. g5 Be7 38. Ng4 d4 39. Nxd4 exd4 40. Bxd4+ Kg8
41. Rc8+ 1-0

[Event "7. Lichtenberger Sommer"]
[Site "Berlin"]
[Date "2008.08.22"]
[Round "7.20"]
[White "Kapp, Martin"]
[Black "Kornrumpf, Joachim"]
[Result "1-0"]
[WhiteElo "2072"]
[BlackElo "2121"]
[PlyCount "81"]
[EventDate "2008.??.??"]
[WhiteTeam "TSV IFA Chemnitz"]
[BlackTeam "Preetzer TSV"]

1. d4 Nf6 2. c4 e6 3. Nf3 b6 4. g3 Bb7 5. Bg2 Be7 6. Nc3 O-O 7. O-O d5 8. cxd5
Nxd5 9. Nxd5 Bxd5 10. Qc2 Na6 11. a3 c5 12. e4 Bb7 13. Rd1 cxd4 14. Nxd4 Rc8
15. Qe2 Qc7 16. b4 Qb8 17. Bb2 Rfd8 18. Qg4 Bf8 19. h4 Nc7 20. h5 Ne8 21. h6 e5
22. hxg7 Nxg7 23. Nf5 Rc6 24. Bh3 Rg6 25. Qh4 Ne6 26. Rxd8 Qxd8 27. Bxe5 Bxe4
28. Qxe4 Ng5 29. Qg2 Qd3 30. Nh4 Rh6 31. Bf5 Qe2 32. Bf4 f6 33. Bxg5 fxg5 34.
Qd5+ Kg7 35. Nf3 Rf6 36. Re1 Qb2 37. Nxg5 Qc3 38. Qe5 Qxe5 39. Rxe5 Bd6 40. Rd5
Be7 41. Ne4 1-0

[Event "7. Lichtenberger Sommer"]
[Site "Berlin"]
[Date "2008.08.22"]
[Round "7.21"]
[White "Dimitrijeski, Kristian"]
[Black "Tiemer, Klaus"]
[Result "1-0"]
[WhiteElo "2167"]
[BlackElo "1906"]
[PlyCount "105"]
[EventDate "2008.??.??"]
[WhiteTeam "Sfrd. Berlin 1903 e.V."]
[BlackTeam "TSG Oberschöneweide e.V."]

1. d4 Nf6 2. c4 g6 3. Nc3 Bg7 4. e4 d6 5. Nge2 O-O 6. Ng3 e5 7. d5 c6 8. Be2
cxd5 9. cxd5 a6 10. h4 h5 11. Bg5 Nbd7 12. Qd2 Kh7 13. Bxh5 Rh8 14. Be2 Qe8 15.
h5 Kg8 16. O-O-O Nh7 17. hxg6 fxg6 18. Kb1 Nc5 19. Bh6 Bf6 20. Be3 Na4 21. Nxa4
Qxa4 22. Rc1 Qe8 23. Nf1 Bd7 24. Nh2 Rc8 25. Ng4 Rxc1+ 26. Rxc1 Bxg4 27. Bxg4
Nf8 28. a3 Bd8 29. Bg5 Bb6 30. Bh6 Qf7 31. f3 Kh7 32. Bg5 Kg7 33. Rc8 Rh1+ 34.
Ka2 Bd4 35. Be3 Bxe3 36. Qxe3 Qf4 37. Rc7+ Kf6 38. Qxf4+ exf4 39. Rxb7 Nh7 40.
Rb6 Ke5 41. Rxa6 Rg1 42. Ra7 Ng5 43. Rg7 Kf6 44. Rd7 Ke5 45. a4 Rxg2 46. a5 Rh2
47. a6 Rh8 48. Kb3 Ra8 49. a7 Kd4 50. Rxd6 Rxa7 51. Rxg6 Nxe4 52. fxe4 Kxe4 53.
d6 1-0

[Event "7. Lichtenberger Sommer"]
[Site "Berlin"]
[Date "2008.08.22"]
[Round "7.22"]
[White "Gschwendtner, Klaus"]
[Black "Reiche, Henry"]
[Result "1-0"]
[WhiteElo "2078"]
[BlackElo "2015"]
[PlyCount "85"]
[EventDate "2008.??.??"]
[WhiteTeam "SC Starnberg"]
[BlackTeam "SV Berolina Mitte e.V."]

1. e4 d5 2. exd5 Qxd5 3. Nc3 Qa5 4. g3 c6 5. Bg2 Nf6 6. Nge2 Bf5 7. O-O e6 8.
d4 Be7 9. a3 O-O 10. Bf4 Qd8 11. b4 a6 12. Na4 Nbd7 13. Nc5 Qc8 14. c4 Rd8 15.
Qb3 Nf8 16. h3 h6 17. g4 Bh7 18. Rac1 g5 19. Bg3 Ng6 20. Na4 Nd7 21. d5 e5 22.
c5 Nf4 23. Bxf4 exf4 24. dxc6 bxc6 25. Rfd1 Rb8 26. Nd4 Ne5 27. Nb6 Qc7 28. Nc4
Bxc5 29. Nxe5 Qxe5 30. Nxc6 Rxd1+ 31. Rxd1 Qc7 32. Nxb8 Qxb8 33. Qd5 Bf8 34.
Qa8 Qe5 35. Rd8 Qe1+ 36. Bf1 Qe7 37. Re8 Qd6 38. Qd8 Qxd8 39. Rxd8 a5 40. bxa5
Kg7 41. Bd3 Bxa3 42. Bxh7 Kxh7 43. Rd5 1-0

[Event "7. Lichtenberger Sommer"]
[Site "Berlin"]
[Date "2008.08.22"]
[Round "7.23"]
[White "Hünerfauth, Uwe"]
[Black "Bukowski, Henryk"]
[Result "1/2-1/2"]
[WhiteElo "2089"]
[BlackElo "2175"]
[PlyCount "91"]
[EventDate "2008.??.??"]
[WhiteTeam "SK Landau"]
[BlackTeam "BSC Rehberge 1945 e.V."]

1. Nf3 Nf6 2. c4 e6 3. b3 b6 4. Bb2 Bb7 5. e3 Be7 6. Be2 O-O 7. O-O d6 8. d4
Nbd7 9. Nbd2 d5 10. Rc1 c6 11. Bd3 Re8 12. Qc2 Nf8 13. Ne5 N6d7 14. Ndf3 Rc8
15. Qe2 Nxe5 16. Nxe5 Ng6 17. Qh5 dxc4 18. bxc4 Bf6 19. f4 c5 20. Rcd1 Qc7 21.
Ng4 cxd4 22. Nxf6+ gxf6 23. exd4 Qc6 24. Rf3 b5 25. Rg3 bxc4 26. Bxg6 fxg6 27.
Rxg6+ Kh8 28. d5 Qb6+ 29. Bd4 Qxd4+ 30. Rxd4 c3 31. Rd1 c2 32. Rc1 Bxd5 33.
Rxf6 Re7 34. Qe5 Kg8 35. Rxc2 Rce8 36. Rc7 Rxc7 37. Qxc7 Rf8 38. Rxf8+ Kxf8 39.
Qxa7 h5 40. a4 Ke8 41. a5 Kd8 42. Qb8+ Kd7 43. a6 Ke7 44. a7 Kf6 45. a8=Q Bxa8
46. Qxa8 1/2-1/2

[Event "7. Lichtenberger Sommer"]
[Site "Berlin"]
[Date "2008.08.22"]
[Round "7.24"]
[White "Rohde, Wolfgang"]
[Black "Jaeger, Andre"]
[Result "1-0"]
[WhiteElo "2198"]
[BlackElo "2019"]
[PlyCount "87"]
[EventDate "2008.??.??"]
[WhiteTeam "SC Friesen Lichtenberg e.V."]
[BlackTeam "SC Rochade e.V."]

1. d4 Nf6 2. Nf3 g6 3. c4 Bg7 4. g3 d6 5. Bg2 O-O 6. O-O Nbd7 7. Nc3 e5 8. e4
c6 9. h3 exd4 10. Nxd4 Qb6 11. Nde2 Ne8 12. Qc2 a5 13. Rb1 Qa6 14. b3 Nc5 15.
Be3 f5 16. Bd4 Bxd4 17. Nxd4 fxe4 18. Nxe4 Nxe4 19. Qxe4 Bd7 20. Rfe1 Nf6 21.
Qh4 Kf7 22. g4 Rae8 23. Bf3 Kg7 24. g5 Ng8 25. Bg4 Rxe1+ 26. Rxe1 Rf4 27. Ne6+
Bxe6 28. Rxe6 Qb6 29. Rxd6 Qc7 30. Rd1 h5 31. gxh6+ Nxh6 32. Qg3 Nxg4 33. hxg4
Qf7 34. Kg2 a4 35. Qc3+ Qf6 36. Rd7+ Kh6 37. Qxf6 Rxf6 38. Rxb7 axb3 39. axb3
Kg5 40. Kg3 Rf4 41. f3 Rd4 42. Rb6 Rd3 43. b4 Rb3 44. b5 1-0